Fr. Conceicao Rodrigues College of Engineering

Cutting tools / metal Cutting C-NO :369 (Record no. 23175)

MARC details
000 -LEADER
fixed length control field 00318nam a2200133Ia 4500
082 ## - DEWEY DECIMAL CLASSIFICATION NUMBER
Classification number 671.53
Item number AICTE
100 ## - MAIN ENTRY--PERSONAL NAME
Personal name AICTE
245 ## - TITLE STATEMENT
Title Cutting tools / metal Cutting C-NO :369
260 ## - PUBLICATION, DISTRIBUTION, ETC.
Name of publisher, distributor, etc. Continuing Education Programmer AICTE
Place of publication, distribution, etc. Bangalore
300 ## - PHYSICAL DESCRIPTION
Extent 68
546 ## - LANGUAGE NOTE
Language note ENGLISH
654 ## - SUBJECT ADDED ENTRY--FACETED TOPICAL TERMS
Focus term tools
942 ## - ADDED ENTRY ELEMENTS (KOHA)
Koha item type BOOK
Holdings
Withdrawn status Lost status Damaged status Not for loan Collection Home library Current library Date acquired Inventory number Total Checkouts Full call number Barcode Date last seen Price effective from Koha item type
        CRC Fr. Agnel's C.Rodrigues College of Engineering Fr. Agnel's C.Rodrigues College of Engineering 17/03/2023 187   671.53 AICTE 12031 17/03/2023 17/03/2023 BOOK
        CRC Fr. Agnel's C.Rodrigues College of Engineering Fr. Agnel's C.Rodrigues College of Engineering 17/03/2023     671.53 AICTE 12032 17/03/2023 17/03/2023 BOOK